Guess The Band By Funny Hint #1 - Statistics

General Stats
  • This quiz has been taken 32 times
  • The average score is 9 of 20
Answer Stats
Hint Answer % Correct
The what? The when? The where? The why? The Who
84%
This band has two z's at the beginning of their name 😏 ZZ Top
77%
They misspelled corn 😭 Korn
74%
What's pink and rhymes with droid? Pink Floyd
74%
They gave us dookie Green Day
68%
Enough Brits, it's time to open these doors! The Doors
68%
This is the band. The Band
61%
That band who made that song about a buddy, I forgot the name. Think it starts with H? Weezer
55%
A plane run by Smith Aerosmith
48%
These boys were beasts, no doubt! 😂 ✌️ Beastie Boys
48%
Pencil blimp Led Zeppelin
42%
Need any help? Reminds me, who made that song? The Beatles
35%
Weak cookie Limp Bizkit
32%
Are you doing good so far? Yes
32%
Another 60s 70s British band with a pretty "suggestive name" 😏 The Kinks
19%
I'm running! I'm in a- Rush
16%
Another way of saying "extraordinary death" Megadeth
13%
Tera. Bi-tera. Pantera
13%
I love you too! 😘 U2
6%
These guys were in their prime, just like us! Primus
3%
No matching quizzes found
Score Distribution
Percent of People with Each Score
Percentile by Number Answered
Your Score History
You have not taken this quiz